Suomenkieliset sanoitukset, Leevi and the Leavings - Pohjois-Karjala - Statistics

Yleistilastot
  • Tätä visaa on pelattu 1 856 kertaa
  • Keskiarvotulos 14 / 19
Vastaustilastot
Sanat % Oikein
Minä lähden {Pohjois-Karjalaan}
99%
vaihdan {farkut} verkkarihousuun,
98%
juon {kaljaa} auringon nousuun.
96%
{kotiseudulle} Pohjois-Karjalaan,
90%
Minä halusin {tavata} Annelin
90%
sateenkaari päättyi {nakkikioskille}
84%
sillä {tiesin} sen minua vielä etsivän.
83%
Eihän elämä {paljoa} antanut
80%
ravintolapöytään {oksentaville} naurettiin.
77%
olisin voinut vaikeampi {olla}
71%
elatusmaksut {lottokupongilla} kuittaisin.
70%
sillä sinua {kaltoin} jos kohtelin
67%
toivon {onneni} jostain vielä löytyvän
66%
Vaikka elämän sävelen {hukkasin}
64%
jotakin jolla {tarjoaisin} illan
60%
enhän minäkään liikoja {vaatisi}
53%
oman onneni {sirpaleita} säilytän
51%
{yritin} silti aina sovinnolla kuitenkin.
50%
Sivukujilla elämän {kulkien}
46%
Ehtoja vastaavia visoja ei löytynyt
Tulosjakauma
Jokaisen tuloksen saaneiden osuus
Persentiili vastausten määrän mukaan
Tuloshistoriasi
Et ole pelannut tätä visaa